000 00296nam a22001337a 4500
008 170529b xxu||||| |||| 00| 0 eng d
020 _a9780471739319
041 _aeng
080 _26TH
_a621
100 _a27
101 _aIM
245 _aENGINEERING MECHANICS
_cMERIAM, J.L
942 _2udc
_cBK
999 _c14784
_d14784